Abnormal Psychology (Record no. 156366)

MARC details
000 -LEADER
fixed length control field 00390nam a2200145Ia 4500
008 - FIXED-LENGTH DATA ELEMENTS--GENERAL INFORMATION
fixed length control field 230411s9999 xx 000 0 und d
020 ## - INTERNATIONAL STANDARD BOOK NUMBER
International Standard Book Number 81-315-0138-8
041 ## - LANGUAGE CODE
Language code of text/sound track or separate title eng
082 ## - DEWEY DECIMAL CLASSIFICATION NUMBER
Classification number PY/150/BAR/DUR/B05900
100 ## - MAIN ENTRY--PERSONAL NAME
Personal name Barlow David & Durand Mark
9 (RLIN) 178758
245 ## - TITLE STATEMENT
Title Abnormal Psychology
260 ## - PUBLICATION, DISTRIBUTION, ETC. (IMPRINT)
Name of publisher, distributor, etc. Thomson Wadsworth
Place of publication, distribution, etc. Australia
Date of publication, distribution, etc. 2005
300 ## - PHYSICAL DESCRIPTION
Extent 562p
Holdings
Withdrawn status Lost status Damaged status Not for loan Collection code Home library Current library Date acquired Vendor Cost, normal purchase price Bill number Total Checkouts Full call number Barcode Date last seen Cost, replacement price Bill Date Koha item type Original Barcode
          Smt. Bakul Tambat Institute of Nursing Education Smt. Bakul Tambat Institute of Nursing Education 07/01/2010 Pritam Book Centre 489.00 6632   PY 150 BAR DUR B05900 BTIN-BK-5900 11/04/2023 367.00 07/01/2010 Books B05900